[Event "Baltic Sea Cup"]
[Site "Bornholm"]
[Date "2008.07.31"]
[Round "4"]
[White "Medvegy, Nora"]
[Black "Lilleoren, Morten"]
[Result "1-0"]
[WhiteElo "2353"]
[BlackElo "2105"]
[PlyCount "69"]
[EventDate "2008.07.29"]
[EventType "swiss"]
[EventRounds "10"]
[EventCountry "DEN"]
[SourceTitle "CBM 125 Extra"]
[Source "ChessBase"]
[SourceDate "2008.09.01"]
[SourceVersion "1"]
[SourceVersionDate "2008.09.01"]
[SourceQuality "1"]

1. d4 Nf6 2. c4 c5 3. d5 b5 4. cxb5 a6 5. bxa6 g6 6. Nc3 Bxa6 7. e4 Bxf1 8. Kxf1 d6 9. g3 Bg7 10. Kg2 0-0 11. Nf3 Nbd7 12. Re1 Qa5 13. e5 Ng4 14. exd6 exd6 15. Bf4 Rfb8 16. Re2 Qa6 17. Rc1 Nge5 18. Nxe5 Nxe5 19. Bxe5 Bxe5 20. b3 c4 21. bxc4 Qxc4 22. Ne4 Qb4 23. Rc7 f5 24. Ng5 Qg4 25. Nf3 Ra3 26. Rec2 Rb2 27. Rc8+ Kg7 28. R8c7+ Kg8 29. R7c4 f4 30. Rxb2 Bxb2 31. Rxf4 Qc8 32. Qe2 Rxa2 33. Qe7 Ra8 34. Ng5 Bg7 35. Rf7 1-0

[Event "Baltic Sea Cup"]
[Site "Bornholm"]
[Date "2008.07.30"]
[Round "2"]
[White "Kogan, Artur"]
[Black "Lilleoren, Morten"]
[Result "1-0"]
[WhiteElo "2569"]
[BlackElo "2105"]
[PlyCount "83"]
[EventDate "2008.07.29"]
[EventType "swiss"]
[EventRounds "10"]
[EventCountry "DEN"]
[SourceTitle "CBM 125 Extra"]
[Source "ChessBase"]
[SourceDate "2008.09.01"]
[SourceVersion "1"]
[SourceVersionDate "2008.09.01"]
[SourceQuality "1"]

1. Nf3 c5 2. e4 d6 3. d4 cxd4 4. Qxd4 a6 5. Bg5 Nc6 6. Qd2 g6 7. Nc3 Bg7 8. Bc4 h6 9. Be3 Nf6 10. h3 b5 11. Bd5 Bd7 12. e5 dxe5 13. 0-0-0 Rc8 14. Bxc6 Rxc6 15. Nxe5 Rd6 16. Qe2 Be6 17. Bc5 Rxd1+ 18. Rxd1 Qc7 19. Qe3 0-0 20. Nxg6 Re8 21. Nf4 Qc6 22. Nxe6 fxe6 23. Re1 Kf7 24. Bb4 Rc8 25. Re2 Qc4 26. a3 Ra8 27. Ba5 Rc8 28. f4 Nh5 29. Qf3 Nf6 30. Bb4 Rc7 31. g4 Nd5 32. Nxd5 exd5 33. Kb1 Qd4 34. c3 Qc4 35. g5 d4 36. gxh6 Bf6 37. Qh5+ Kf8 38. h7 Bh8 39. Qf5+ Qf7 40. Qxf7+ Kxf7 41. cxd4 Bxd4 42. Rd2 1-0